<?xml version="1.0" encoding="UTF-8"?>
<marc:record xmlns:marc="http://www.loc.gov/MARC21/slim">
   <marc:leader>00000nam a2200000 a 4500</marc:leader>
   <marc:datafield ind1="1" ind2=" " tag="100">
      <marc:subfield code="a">Klein, Martin</marc:subfield>
      <marc:subfield code="4">aut</marc:subfield>
      <marc:subfield code="e">Verfasser/-in</marc:subfield>
   </marc:datafield>
   <marc:datafield ind1=" " ind2=" " tag="653">
      <marc:subfield code="a">Sozialarbeit</marc:subfield>
   </marc:datafield>
   <marc:datafield ind1=" " ind2=" " tag="653">
      <marc:subfield code="a">Betrieb</marc:subfield>
   </marc:datafield>
   <marc:datafield ind1="0" ind2="0" tag="245">
      <marc:subfield code="a">Eine kleine Einführung in die Betriebliche Soziale Arbeit</marc:subfield>
   </marc:datafield>
   <marc:datafield ind1=" " ind2="1" tag="264">
      <marc:subfield code="a">Weinheim</marc:subfield>
      <marc:subfield code="b">Juventa</marc:subfield>
      <marc:subfield code="c">2021</marc:subfield>
   </marc:datafield>
   <marc:datafield ind1=" " ind2=" " tag="250">
      <marc:subfield code="a">1</marc:subfield>
   </marc:datafield>
   <marc:datafield ind1="1" ind2=" " tag="520">
      <marc:subfield code="a">Beschäftigte sind für die Leistungsfähigkeit von Organisationen von zentraler Bedeutung. Konkreter formuliert: Ihre Leistung, ihr Denken und Verhalten wirken sich auf den Organisationserfolg aus. Um die Beschäftigten in Organisationen zu fördern und zu schützen, investieren viele Unternehmen, Behörden, Krankenhäuser, Hochschulen, NGOs, Kirchen und sogar das Militär in die Betriebliche Soziale Arbeit. Dieses Buch gibt eine unerlässliche Einführung in das Spannungsfeld von organisatorischen, ökonomischen und gesellschaftlichen Anforderungen des Arbeitsfeldes.##»[...] mit wichtigen Erkenntnissen, die besonders Sozialpädagog(inn)en und Psycholog(inn)en als hilfreicher Ratgeber dienen können.«</marc:subfield>
   </marc:datafield>
   <marc:datafield ind1=" " ind2=" " tag="020">
      <marc:subfield code="a">9783779963264</marc:subfield>
      <marc:subfield code="9">9783779963264</marc:subfield>
   </marc:datafield>
   <marc:datafield ind1=" " ind2=" " tag="300">
      <marc:subfield code="a">146</marc:subfield>
   </marc:datafield>
</marc:record>
